LEADER 01738nam 2200421Ka 450 001 9910695514403321 005 20070301124720.0 035 $a(CKB)5470000002371630 035 $a(OCoLC)85481318 035 $a(EXLCZ)995470000002371630 100 $a20070301d1999 ua 0 101 0 $aeng 181 $ctxt$2rdacontent 182 $cc$2rdamedia 183 $acr$2rdacarrier 200 10$aR&D activity and acquisitions in high technology industries$b[electronic resource] $eevidence from the U.S. electronic and electrical equipment industries /$fBruce A. Blonigen and Christopher T. Taylor 210 1$a[Washington, D.C.] :$c[Bureau of Economics, Federal Trade Commission],$d[1999] 215 $a21 pages $cdigital, PDF file 225 1 $aWorking papers ;$vno. 222 300 $aTitle from title screen (viewed on Mar. 1, 2007). 517 $aR&D activity and acquisitions in high technology industries 606 $aHigh technology industries$xMergers$zUnited States 606 $aElectronic industries$xMergers$zUnited States 606 $aConsolidation and merger of corporations$zUnited States 606 $aResearch, Industrial$zUnited States 615 0$aHigh technology industries$xMergers 615 0$aElectronic industries$xMergers 615 0$aConsolidation and merger of corporations 615 0$aResearch, Industrial 700 $aBlonigen$b Bruce A$g(Bruce Aloysius)$0122900 701 $aTaylor$b Christopher T$01396204 712 02$aUnited States.$bFederal Trade Commission.$bBureau of Economics. 801 0$bGPO 801 1$bGPO 906 $aBOOK 912 $a9910695514403321 996 $aR&D activity and acquisitions in high technology industries$93536636 997 $aUNINA